| 000 | 01356nam a2200337Ia 4500 | ||
|---|---|---|---|
| 001 | 5698 | ||
| 003 | IT-RoPAU | ||
| 008 | 130308s9999 xx 000 0 und d | ||
| 040 | _aIT-RoPAU | ||
| 040 | _cIT-RoPAU | ||
| 041 | _aFRANCESE | ||
| 100 | _aGritti Jules | ||
| 100 | _gCodice Aut. SPICS: 5792 | ||
| 242 | _aATTUALITA' (L')-UNA INTERPRETAZIONE CRISTIANA | ||
| 242 | _nCod. Traduzione Titolo: 1177 | ||
| 242 | _yITA | ||
| 245 | _aEvenement (L')-Techniques d'analyse de l'evenement | ||
| 245 | _bEvenement (L')-Techniques D'Analyse de L'Evenement | ||
| 250 | _a1a ed. | ||
| 260 | _aPARIS | ||
| 260 | _bFleurus | ||
| 260 | _c1969 [1° Ed.:1969 - Ed.Ling.Originale:1969] | ||
| 300 | _a"168 p. (prefazione: no ; testo: 168)" | ||
| 500 | _aTecniche di Analisi dell'Avvenimento Attualità Risonanze ideologiche Rivoluzione Tregue di Natale dal Presepe Alla Luna Crisi Monetaria Dinamica dei Discorsi e dei Racconti Catastrofi nel Cielo e nel mare Cecoslovacchia Francia Inghilterra Cina Urss Personaggi Martine Carol Morte del Cardinal Veuillot sacrificio del Pastore Luther King Jackie Onassis Spirito e Tecniche dell'Inetrvista Pubblicità ritmi dei Giovani e ritmi del Cinema | ||
| 650 | _aSAGGI DI COMUNICAZIONE SOCIALE | ||
| 650 | _eCodice materia Spics: 3807 | ||
| 942 | _cBK | ||
| 957 | _71 | ||
| 999 |
_c67665 _d67665 |
||
| 999 | _bSI | ||
| 999 | _g1 | ||